000 01087cam a22002651i 4500
003 SA-RiAUC
005 20250218080116.0
008 250201s2002 ua g f000 0 ara c
040 _aEG-CaDAJ
_bara
_cSA-RiAUC
_erda
043 _aa-ir---
082 0 4 _a953.0763
090 _a953.0763
_b ا ب ن ا
100 1 _aابن إسفنديار، محمد بن حسن،
_dتوفي 613 هجري
_eمؤلف.
245 1 0 _aتاريخ طبرستان /
_cبهاء الدين محمد بن حسن بن أسفنديار ؛ تقديم أحمد محمد نادي.
250 _aالطبعة الأولى.
264 1 _a[القاهرة] :
_bالهيئة العامة لشؤون المطابع الأميرية،
_c2002
300 _a477 صفحة؛
_c24 سم.
336 _aنص
_btxt
_2rdacontent
_3كتاب
337 _aبدون وسيط
_bn
_2rdamedia
338 _aمجلد
_bnc
_2rdacarrier
651 7 _aمازندران (إيران)
_xتاريخ
_2aucsh
700 1 _aنادي، أحمد محمد،
_d1962-
_eمقدم.
942 _2ddc
_cBOOK
_n0
949 _aSA-JeALM
_d250201
_umohamedma123
_n1
999 _c6070
_d6070